00985cam a2200313 a 45000010005000000030006000050050017000110080041000280100017000690200020000860200018001060400023001240500015001470820012001621000022001742450078001962600035002743000059003094400027003685000023003955050007004185200130004255210018005555210018005736500019005916500020006106500019006306500022006494708FISKH20240923140351.0990817s2000 nyua b 000 1 eng  a 99046224  a0439154332 (pb) a9780439154338 aDLCcDLCdDLCbeng aPZ7.B7633  a823.91 1 aBridwell, Norman.14aThe cat and the bird in the hat /cstory and pictures by Norman Bridwell. aNew York :bScholastic,c2000. a30 unnumbered pages : bcolor illustrations ; c23 cm 0aHello reader!nLevel 1 a"Cartwheel books." aH  aAfter quarrelling over ownership of a hat, Spats the cat and Bird find that by sharing it they create a wonderful friendship.8 a430 bLexile 8 aH bRaz-Plus  1aCatsvFiction. 1aBirdsvFiction. 1aHatsvFiction. 1aSharingvFiction.